Repot of the working group on oil prices (Record no. 497394)

000 -LEADER
fixed length control field 00490cam a22001217a 4500
008 - FIXED-LENGTH DATA ELEMENTS--GENERAL INFORMATION
fixed length control field 180718b1965162+p. xxu||||| |||| 00| 0 eng d
082 ## - DEWEY DECIMAL CLASSIFICATION NUMBER
Classification number T215x54 In2r
245 ## - TITLE STATEMENT
Title Repot of the working group on oil prices
Statement of responsibility, etc. by Ministry of Petroleum and Chemicals, Department of Petroleum, India
260 ## - PUBLICATION, DISTRIBUTION, ETC.
Place of publication, distribution, etc.
Name of publisher, distributor, etc. Department of Petroleum
Date of publication, distribution, etc. 1965162+p.
500 ## - GENERAL NOTE
General note Chairman : J.N.Talukar
700 ## - ADDED ENTRY--PERSONAL NAME
Personal name Talukar, J.N.(chairman)
700 ## - ADDED ENTRY--PERSONAL NAME
Personal name India. Department of Petroleum. Ministry of Petroleum and Chemicals
Holdings
Withdrawn status Lost status Damaged status Not for loan Permanent Location Current Location Date acquired Full call number Barcode Date last seen Price effective from Koha item type
        Indian Institute of Public Administration Indian Institute of Public Administration 2018-08-04 T215x54 In2r GG4589 2018-08-04 2018-08-04 GG

Powered by Koha